| 000 | 00560nam a2200193 u 4500 | ||
|---|---|---|---|
| 005 | 20240924071244.0 | ||
| 008 | 090527s19972005 r 000 0 eng d | ||
| 020 | _a9702905354 | ||
| 035 | _aUPN01000170721 | ||
| 049 | _aI | ||
| 050 | 4 |
_aPZ74.9 _bV3.5 |
|
| 100 | 1 |
_aValentino, Esteban, _d1956- _937025 |
|
| 245 | 1 | 0 |
_aA veces la sombra / _cEsteban Valentino ; il. de José Camacho. |
| 260 |
_aMéxico : _bAlfaguara, _c1997 (2005 impr.) |
||
| 300 |
_a82 p. : _bil. |
||
| 440 | 0 | _aAlfaguara juvenil | |
| 650 | 4 |
_aLiteratura infantil _94445 |
|
| 905 | _aInfantil | ||
| 999 |
_c142826 _d142826 |
||